[Event "FRA-chT4"]
[Site "France"]
[Date "2013.04.08"]
[Round "7.4"]
[White "Husson, Christophe"]
[Black "Noizet, Donatien"]
[Result "0-1"]
[WhiteElo "1763"]
[BlackElo "1940"]
[PlyCount "54"]
[EventDate "2012.10.24"]
[EventType "team-swiss"]
[EventRounds "9"]
[EventCountry "FRA"]
[SourceTitle "EXT 2014"]
[Source "ChessBase"]
[SourceDate "2013.11.20"]
[SourceVersion "1"]
[SourceVersionDate "2013.11.20"]
[SourceQuality "1"]

1. e4 d5 2. exd5 Qxd5 3. Nc3 Qd8 4. d4 Nf6 5. Nf3 e6 6. Bd3 c5 7. 0-0 cxd4 8. Nxd4 Bc5 9. Nb3 Bb6 10. Bg5 Bd7 11. Ne4 Bc6 12. Qe2 Qe7 13. Rad1 Nbd7 14. c3 0-0-0 15. Rd2 Ne5 16. Bc2 h6 17. Rxd8+ Rxd8 18. Bxf6 gxf6 19. Re1 Rg8 20. Nd4 Bd5 21. Bb3 Bxe4 22. Qxe4 Qc5 23. Bd1 Bc7 24. Qh7 Qf8 25. Nf3 Nxf3+ 26. Bxf3 f5 27. Bh5 Rg7 0-1

[Event "FRA-chT4"]
[Site "France"]
[Date "2012.11.18"]
[Round "2"]
[White "Husson, Christophe"]
[Black "Pytel, Bozena"]
[Result "1/2-1/2"]
[WhiteElo "1670"]
[BlackElo "1936"]
[PlyCount "113"]
[EventDate "2012.10.24"]
[EventType "team-swiss"]
[EventRounds "9"]
[EventCountry "FRA"]
[SourceTitle "EXT 2014"]
[Source "ChessBase"]
[SourceDate "2013.11.20"]
[SourceVersion "1"]
[SourceVersionDate "2013.11.20"]
[SourceQuality "1"]

1. e4 e5 2. Nf3 Nc6 3. d4 exd4 4. Nxd4 Qh4 5. Nxc6 Qxe4+ 6. Qe2 Qxe2+ 7. Bxe2 dxc6 8. 0-0 Bf5 9. c3 0-0-0 10. Be3 Kb8 11. Bc4 f6 12. Nd2 Bd6 13. Nf3 c5 14. a4 Ne7 15. h3 Be4 16. Nd2 Bd5 17. Bd3 Bc6 18. Bc2 Nd5 19. Nc4 Nxe3 20. Nxe3 g6 21. Bb3 Bf4 22. Rfe1 a5 23. Ng4 Rhf8 24. g3 Bd6 25. Rad1 f5 26. Ne5 Bxe5 27. Rxe5 Rxd1+ 28. Bxd1 Re8 29. Rxe8+ Bxe8 30. Bb3 Kc8 31. f4 Kd7 32. Kf2 Kd6 33. Ke3 c6 34. Bg8 h6 35. h4 b6 36. Kd3 Ke7 37. Bb3 Kf6 38. Ke3 g5 39. Bc2 gxh4 40. gxh4 Bf7 41. Bd1 Bd5 42. h5 Bf7 43. Kd3 c4+ 44. Kd4 c5+ 45. Ke3 Be8 46. Kd2 Ke6 47. Ke3 Kd6 48. Kd2 Bc6 49. Ke3 b5 50. axb5 Bxb5 51. Bc2 Be8 52. Bd1 Bf7 53. Kf2 Kc6 54. Ke3 Kb5 55. Kd2 Bd5 56. Kc1 Be4 57. Kd2 1/2-1/2

[Event "FRA-chT4"]
[Site "France"]
[Date "2012.10.14"]
[Round "1"]
[White "Krauss, Jean Luc"]
[Black "Husson, Christophe"]
[Result "1/2-1/2"]
[WhiteElo "1894"]
[BlackElo "1670"]
[PlyCount "91"]
[EventDate "2012.10.24"]
[EventType "team-swiss"]
[EventRounds "9"]
[EventCountry "FRA"]
[SourceTitle "EXT 2014"]
[Source "ChessBase"]
[SourceDate "2013.11.20"]
[SourceVersion "1"]
[SourceVersionDate "2013.11.20"]
[SourceQuality "1"]

1. e4 c5 2. Nf3 d6 3. Bb5+ Bd7 4. Bxd7+ Qxd7 5. 0-0 e6 6. d4 cxd4 7. Nxd4 Nf6 8. Nc3 Be7 9. Bg5 0-0 10. Re1 a6 11. Qd3 Ng4 12. Bxe7 Ne5 13. Qe2 Qxe7 14. f4 Nec6 15. Nf3 Nd7 16. Rad1 Rad8 17. a3 Rfe8 18. b4 Nf8 19. Qe3 Qc7 20. b5 Nb8 21. bxa6 bxa6 22. Rb1 Rc8 23. Rb3 Nc6 24. Ne2 Qa7 25. Qxa7 Nxa7 26. Rb6 Rc6 27. Rxc6 Nxc6 28. Rd1 Rd8 29. Nc3 Ng6 30. g3 Nge7 31. Kf2 f6 32. Nd4 Nxd4 33. Rxd4 Rc8 34. Rd3 d5 35. exd5 Nxd5 36. Nxd5 Rxc2+ 37. Ke3 exd5 38. h3 Rc5 39. Kd4 Ra5 40. Re3 Kf7 41. f5 g6 42. g4 g5 43. Rb3 Ke7 44. Rb7+ Kd6 45. Rb6+ Ke7 46. Rb7+ 1/2-1/2

[Event "FRA-chT4 1011"]
[Site "Champagne Ardennes"]
[Date "2011.01.16"]
[Round "4"]
[White "Husson, Christophe"]
[Black "Pierlot, Aurore"]
[Result "1/2-1/2"]
[WhiteElo "1680"]
[BlackElo "1420"]
[PlyCount "105"]
[EventDate "2010.10.10"]
[EventType "team-tourn"]
[EventRounds "7"]
[EventCountry "FRA"]
[SourceTitle "EXT 2024"]
[Source "ChessBase"]
[SourceDate "2023.10.10"]
[SourceVersion "1"]
[SourceVersionDate "2023.10.10"]
[SourceQuality "1"]

1. d4 d5 2. c4 dxc4 3. e3 Nf6 4. Bxc4 e6 5. Nf3 Nc6 6. a3 Bd6 7. Nc3 0-0 8. 0-0 Bd7 9. Bd3 e5 10. d5 Ne7 11. Ng5 Nf5 12. Nce4 Nxe4 13. Nxe4 Be7 14. Qh5 g6 15. Qd1 c6 16. Nc3 Rc8 17. e4 Nd4 18. Be3 Bc5 19. Rc1 b5 20. b4 Bd6 21. dxc6 Bxc6 22. Bxd4 exd4 23. Nxb5 Bxb5 24. Bxb5 Qh4 25. g3 Qxe4 26. Re1 Qd5 27. Bf1 Rxc1 28. Qxc1 Rd8 29. Rd1 Bf8 30. Qc7 Rd7 31. Qc1 Rd6 32. Bg2 Qb3 33. Bf1 Qc3 34. Qxc3 dxc3 35. Rxd6 Bxd6 36. Bd3 Kg7 37. Kf1 Kf6 38. f3 Ke6 39. Ke2 Kd5 40. Be4+ Kc4 41. Bc2 Kd4 42. Bb3 f5 43. Bg8 f4 44. Bxh7 g5 45. g4 Be7 46. Bc2 Bd6 47. Be4 Kc4 48. Bc2 Be7 49. Ba4 a6 50. Bc2 Bd6 51. Kd1 Be7 52. Ke2 Bd6 53. Kd1 1/2-1/2

[Event "FRA-chT4 0809"]
[Site "France "]
[Date "2009.02.08"]
[Round "5"]
[White "Husson, Christophe"]
[Black "Bohr, Frederic"]
[Result "1-0"]
[WhiteElo "1710"]
[BlackElo "1490"]
[PlyCount "79"]
[EventDate "2008.10.??"]
[EventType "team-tourn"]
[EventRounds "9"]
[EventCountry "FRA"]
[SourceTitle "EXT 2010"]
[Source "ChessBase"]
[SourceDate "2010.11.25"]
[SourceVersion "1"]
[SourceVersionDate "2010.11.25"]
[SourceQuality "1"]

1. e4 e5 2. Nf3 Nf6 3. Nc3 Nc6 4. d4 Bd6 5. Bg5 0-0 6. Nd5 Be7 7. Nxe7+ Qxe7 8. c3 d6 9. d5 Nb8 10. h3 Nbd7 11. Bd3 Qe8 12. 0-0 a6 13. Nh2 h6 14. Be3 b5 15. Bc2 Nc5 16. Qb1 c6 17. Bxc5 dxc5 18. dxc6 Qxc6 19. Nf3 Re8 20. a4 Bb7 21. axb5 axb5 22. Rxa8 Bxa8 23. Re1 Nh5 24. g3 Qg6 25. Kh2 Qf6 26. Kg2 Bb7 27. Qd1 c4 28. Qd7 Bc6 29. Qd1 Qe6 30. Nh2 Nf6 31. f3 Bd7 32. Ng4 Nh7 33. Qd5 Qe7 34. Rd1 Nf8 35. Ne3 Qg5 36. Ng4 Kh8 37. Qc5 f5 38. Nxe5 f4 39. Nf7+ Kg8 40. Nxg5 1-0